000 00682nas a2200241 4500
001 BR7900033
003 BR-BrBNA
005 20231205083603.0
007 ta
008 230509b bl.|||p| |||| 00| 00por d
040 _aBR-BrBNA
_bpor
_cBiblioteca Nacional de Agricultura
041 _a(Pt)
072 _aQ10
100 1 _aLambert, A.
245 1 _aRegulagem de moendas [moagem, cana de acucar]
650 _aTECNOLOGIA DE ALIMENTO
650 _aCANA DE ACUCAR
650 _aMOAGEM
650 _aMOENDA
773 0 _tBrasil Acucareiro (Brazil)
_xISSN 0006-9167
_g(Jun 1978), v. 91(6) p. 27-41
_wBR7900033
909 _a202311
_bLúcia
_c55
_dLúcia Elande
942 _2AGRIS
_n0
_cANA
999 _c99870
_d99870